000
00283nam a2200109 4500
008
160623b xxu||||| |||| 00| 0 eng d
100
_9
711
_a
Teale, E.W
245
_a
Northe with the Spring
260
_a
N.Y
_b
Dodd,Mead &Com
_c
1951
300
_a
Northe with the Spring
942
_2
ddc
_c
BK
999
_c
575
_d
575